Catálogo
 En Linea
Vista normal Vista MARC

Entrada Nombre de reunión

Número de registros utilizados en: 1

001 - NÚMERO DE CONTROL

  • campo de control: 80514

003 - IDENTIFICADOR DEL NÚMERO DE CONTROL

  • campo de control: DO-SdBNP

005 - FECHA Y HORA DE LA ÚLTIMA TRANSACCIÓN

  • campo de control: 20211108091427.0

008 - DATOS DE LONGITUD FIJA

  • campo de control de longitud fija: 211108|| aca||aabn | a|a d

040 ## - FUENTE DE LA CATALOGACIÓN

  • Centro catalogador/agencia de origen: DO-SdBNP
  • Centro/agencia transcriptor: DO-SdBNP

111 ## - ENCABEZAMIENTO--NOMBRE DE CONGRESO/REUNIÓN

  • Sede del congreso/Lugar de la reunión: Santo Domingo
  • Fecha del congreso/reunión: 2011
  • Número del congreso/reunión o número de parte o sección: 3: 15 de mayo

670 ## - FUENTE DE DATOS ENCONTRADOS

  • Cita de la fuente: Work cat.: (DO-SdBNP): III Congreso Renovar la Esperanza, dedicado a Abelardo Vicioso. Santo Domingo 2011 3: 15 de mayo, Renovar la esperanza : , 2011.

Con tecnología Koha